LEADER 05410nam 22006615 450 001 9910416083103321 005 20251225185029.0 010 $a3-030-51051-4 024 7 $a10.1007/978-3-030-51051-0 035 $a(CKB)4100000011372969 035 $a(DE-He213)978-3-030-51051-0 035 $a(MiAaPQ)EBC6281986 035 $a(PPN)258304359 035 $a(EXLCZ)994100000011372969 100 $a20200805d2020 u| 0 101 0 $aeng 135 $aurnn|008mamaa 181 $ctxt$2rdacontent 182 $cc$2rdamedia 183 $acr$2rdacarrier 200 10$aInnovations and Interdisciplinary Solutions for Underserved Areas $e4th EAI International Conference, InterSol 2020, Nairobi, Kenya, March 8-9, 2020, Proceedings /$fedited by Jessica P. R. Thorn, Assane Gueye, Adam P. Hejnowicz 205 $a1st ed. 2020. 210 1$aCham :$cSpringer International Publishing :$cImprint: Springer,$d2020. 215 $a1 online resource (XV, 287 p. 119 illus., 99 illus. in color.) 225 1 $aLecture Notes of the Institute for Computer Sciences, Social Informatics and Telecommunications Engineering,$x1867-822X ;$v321 311 08$a3-030-51050-6 320 $aIncludes bibliographical references and index. 327 $aA Matrix Model to Analyze Cascading Failure in Critical Infrastructures -- Clusters Construction Mechanism for Strictly Linear Wireless Sensor Networks -- On the Treewidth of Planar Minor Free Graphs -- BACP+: A more efficient Beacon Analysis-based Collision Prevention Protocol -- Indigenous and scientific knowledge of soil regulation services, and factors effecting decision-making in agricultural landscapes in the Terai Plains of Nepal -- Enriching geolocalized dataset with POIs descriptions at large scale -- Building Word Representations for Wolof Using Neural Networks -- Extraction of relevant data from social media based on termino-ontological resources: Application to meningitis surveillance via Twitter -- Stakeholder Relations and Ownership of a Community -- Wireless Network: The Case of iNethi Variation with Depth of Physico-Chemical, Mineralogical and Physical Properties of Overburden over Gneiss Basement Complex in Minna Metropolis Nigeria -- Hydroclimate analysis under 1.5 and 2?C global warming in the Faleme River Basin -- Integration of Indigenous knowledge, climate data, satellite imagery and machine learning to optimize cropping decisions by small-scale farmers. A case study of uMgungundlovu District Municipality -- Vulnerability analysis in mobile banking and payment applications on Android in African countries -- A multi-level smart monitoring system by combining an e-nose and image processing for early detection of FAW pest in Agriculture -- Mangroves under demographic pressure and salt production threats in the Municipality of Ouidah (Benin) -- Mitigating the Impacts of Environmental Pollution in Lejweleputswa District through Integration of Local and Scientific Knowledge -- Environmental Protection in Nigerian Democracy: The Ogoni Clean-up in Perspective -- Supervisory strategy of a PV system with storage for injection to the electrical network -- Assessing the e-Readiness of Marginalised Communities for E-Government Services: A Case of Oniipa, Namibia -- Consolidating the Right to Data Protection in the In-formation Age: A Comparative Appraisal of the Adoption of the OECD (Revised) Guidelines into the EU GDPR, the Ghanaian Data Protection Act 2012 and the Kenyan Data Protection Act 2019. 330 $aThis book constitutes the refereed post-conference proceedings of the 4th EAI International Conference on Innovations and Interdisciplinary Solutions for Underserved Areas, InterSol 2020, held in Nairobi, Kenya, in March 2020. Due to the COVID-19 pandemic the conference is postponed to a later date in 2020. The 20 papers presented were selected from 50 submissions and issue different problems in underserved and unserved areas. They face problems in almost all sectors such as energy, water, communication, climate, food, education, transportation, social development, and economic growth. 410 0$aLecture Notes of the Institute for Computer Sciences, Social Informatics and Telecommunications Engineering,$x1867-822X ;$v321 606 $aComputer networks 606 $aDatabase management 606 $aData protection 606 $aArtificial intelligence 606 $aComputer Communication Networks 606 $aDatabase Management System 606 $aData and Information Security 606 $aArtificial Intelligence 615 0$aComputer networks. 615 0$aDatabase management. 615 0$aData protection. 615 0$aArtificial intelligence. 615 14$aComputer Communication Networks. 615 24$aDatabase Management System. 615 24$aData and Information Security. 615 24$aArtificial Intelligence. 676 $a303.4833091724 676 $a004 702 $aThorn$b Jessica P. R$4edt$4http://id.loc.gov/vocabulary/relators/edt 702 $aGueye$b Assane$4edt$4http://id.loc.gov/vocabulary/relators/edt 702 $aHejnowicz$b Adam P$4edt$4http://id.loc.gov/vocabulary/relators/edt 801 0$bMiAaPQ 801 1$bMiAaPQ 801 2$bMiAaPQ 906 $aBOOK 912 $a9910416083103321 996 $aInnovations and Interdisciplinary Solutions for Underserved Areas$94030474 997 $aUNINA